000 00510nam a2200193Ia 4500
005 20230913115814.0
008 131103s9999 xx 000 0 und d
020 _a075285836X
040 _aLoreto College
041 _aEnglish
082 _aF
_bLUD
100 _aLudlum,Robert
245 4 _aThe Altman Code
_cRobert Ludlum;series created by Robert Ludlum,written by Gayle Lynds
260 _aLondon
_bOrion
_c2003
300 _a410 p.
650 _aFiction in English
850 _aLCLIB
942 _cBK
999 _c15748
_d66227